I have a ghetto in my heart: (Record no. 12505)

000 -LEADER
fixed length control field 00774nam a2200217 a 4500
001 - CONTROL NUMBER
control field :::00010307$&:&@@
003 - CONTROL NUMBER IDENTIFIER
control field OkBaRHE
005 - DATE AND TIME OF LATEST TRANSACTION
control field 20000607103358.0
008 - FIXED-LENGTH DATA ELEMENTS--GENERAL INFORMATION
fixed length control field s1973 j 000 0 eng u
020 ## - INTERNATIONAL STANDARD BOOK NUMBER
International Standard Book Number 0871484285
040 ## - CATALOGING SOURCE
Transcribing agency
100 1# - MAIN ENTRY--PERSONAL NAME
Personal name Steele, James E., et al.
245 10 - TITLE STATEMENT
Title I have a ghetto in my heart:
Remainder of title a portrait of the Chicago challenge--youth action reaching the lost of a large city
260 ## - PUBLICATION, DISTRIBUTION, ETC. (IMPRINT)
Place of publication, distribution, etc [Cleveland, TN., :
Name of publisher, distributor, etc Pathway Press
Date of publication, distribution, etc c1973
300 ## - PHYSICAL DESCRIPTION
Extent 121 p. ;
Dimensions 18 cm.
650 ## - SUBJECT ADDED ENTRY--TOPICAL TERM
Topical term or geographic name as entry element Church Work with Youth
General subdivision Chicago
700 ## - ADDED ENTRY--PERSONAL NAME
Personal name Scarborough, Neigel, Joint author.
700 ## - ADDED ENTRY--PERSONAL NAME
Personal name Scarborough, Peggy, Joint author.
942 ## - ADDED ENTRY ELEMENTS (KOHA)
Source of classification or shelving scheme
Koha item type Books
Copies
Full call number Copy number Damaged status Date acquired Barcode Permanent Location Date last seen Price effective from Withdrawn status Source of classification or shelving scheme Koha item type Shelving location Lost status Not for loan
BV 4447 .S6871 2010-04-1410307RHEMA Bible Training College2010-04-142010-04-14  BooksGeneral Stacks